| 000 | 01108nam a2200349 a 4500 | ||
|---|---|---|---|
| 001 | 000024040 | ||
| 005 | 20260116105540.0 | ||
| 008 | 110118s1978 sp a r 001 0 spa d | ||
| 020 | _a8427109474 | ||
| 040 |
_aDO-SdBNP _bspa _cBNPHU |
||
| 082 |
_a153.852 _bS115p |
||
| 245 | 0 | 0 |
_aSaber Persuadir / _cRenée Carton [et. al.]. |
| 260 |
_aMadrid : _bMensajero, _c1978. |
||
| 300 |
_a280 p. : _bil. ; _c22.5 cm. |
||
| 490 | 1 | _aComprender-saber-actuar. | |
| 500 | _aIncluye índice alfabético. | ||
| 500 | _aIncluye bibliografía p. [278-280] | ||
| 534 | _aSavoir persuader. | ||
| 650 | 4 |
_aPersuasión (psicología) _923181 |
|
| 650 | 0 |
_aPsicología aplicada _91579 |
|
| 700 | 1 |
_aCarton, Renée _949393 |
|
| 700 | 1 |
_aChauchard, Paul _949394 |
|
| 700 | 1 |
_aFiehl, Jean _949395 |
|
| 700 | 1 |
_aFriedman, Jean-Pierre _949396 |
|
| 700 | 1 |
_aGauquelin, Francoise _949397 |
|
| 700 | 1 |
_aQuesnel, Louis _949398 |
|
| 700 | 1 |
_aVeraldi, Gabriel _949399 |
|
| 700 | 1 |
_aVielfaure, Claude _949400 |
|
| 700 | 1 |
_aLópez de la Rica, Carlos, _etr. _949401 |
|
| 830 | 0 |
_aComprender-saber-actuar. _949402 |
|
| 049 | _aBNGR | ||
| 999 |
_c23535 _d23535 |
||